<?xml version="1.0" encoding="UTF-8"?>
<collection xmlns="http://www.loc.gov/MARC21/slim">
 <record>
  <leader>01110cam a2200205 7i4500</leader>
  <controlfield tag="001">0000142869</controlfield>
  <controlfield tag="005">20120716090000.0</controlfield>
  <controlfield tag="002">  0000007977</controlfield>
  <controlfield tag="008">120716s2011        my a    x           eng   </controlfield>
  <datafield tag="090" ind1="0" ind2="0">
   <subfield code="a">QL 639.25 </subfield>
   <subfield code="b">.A5 2011</subfield>
  </datafield>
  <datafield tag="100" ind1="1" ind2="#">
   <subfield code="a">Andriyanto, Wawan </subfield>
  </datafield>
  <datafield tag="245" ind1="1" ind2="0">
   <subfield code="a">Studies on the ontogenny of the digestive system and selected enzyme activity during early life stages of humpback grouper (Cromileptes altivelis) (Valenciennes, 1828)  </subfield>
   <subfield code="c">Wawan Andriyanto.</subfield>
  </datafield>
  <datafield tag="260" ind1="#" ind2="#">
   <subfield code="a">xvii, 156 p.: </subfield>
   <subfield code="b">ill., </subfield>
   <subfield code="c">30 cm..</subfield>
  </datafield>
  <datafield tag="300" ind1=" " ind2=" ">
   <subfield code="a">Terengganu: </subfield>
   <subfield code="b">University Malaysia Terengganu; </subfield>
   <subfield code="c">2011.</subfield>
  </datafield>
  <datafield tag="500" ind1="#" ind2="#">
   <subfield code="a">AKUATROP is an abbreviation for Institut Akuakultur Tropika</subfield>
  </datafield>
  <datafield tag="502" ind1="#" ind2="#">
   <subfield code="a">Tesis AKUATROP (Degree of Master of Science) 2011</subfield>
  </datafield>
  <datafield tag="520" ind1="3" ind2="#">
   <subfield code="a">A study on the development of the digestive system and selected enzymes activity of humpback grouper (Cromileptes altivelis) larvae was conducted from hatching until 40 days after hatching (DAH) by morphological, histological and enzyme assay techne</subfield>
  </datafield>
  <datafield tag="602" ind1="#" ind2="#">
   <subfield code="a">Tesis AKUATROP 2011</subfield>
  </datafield>
  <datafield tag="650" ind1="0" ind2="0">
   <subfield code="a">Fishes -- </subfield>
   <subfield code="x">Larvae -- </subfield>
   <subfield code="x">Identification </subfield>
  </datafield>
  <datafield tag="999" ind1=" " ind2=" ">
   <subfield code="a">1100084287</subfield>
   <subfield code="b">Book</subfield>
   <subfield code="c">Tesis</subfield>
   <subfield code="e">KOLEKSI KHAS</subfield>
  </datafield>
 </record>
</collection>
